=LDR 00000nam 2200000 4500 =001 INLIS000000000024002 =005 20200807024030 =035 ##$$a 0010-061300000024002 =008 200807################g##########0#ind## =041 ##$$a Ind =082 ##$$a 2x9.871 =090 ##$$a 2X9.871, Kha p =100 1#$$a Khalid, Khalid Muh =245 1#$$a Plopor barisan berkuda dan ahli filsafat, /$c Khalid Muh. Khalid =260 ##$$a Bandung :$b Cv. Diponegoro,$c 1994 =300 ##$$a 90 hlm, ; $c 11 x 18 cm =650 #4$$a Fisafat-filsafat islam =850 ##$$a NBPNMAT =084 ##$$a 2x9.871 KHA p =250 ##$$a cet.1 =990 ##$$a 00044450 =990 ##$$a 00044451 =990 ##$$a 00044452 =990 ##$$a 00044506 =990 ##$$a 00044452 =990 ##$$a 00044450 =990 ##$$a 00044451 =990 ##$$a 00044506 =990 ##$$a 00044451 =990 ##$$a 00044450 =990 ##$$a 00044452 =990 ##$$a 00044506 =990 ##$$a 00044506 =990 ##$$a 00044450 =990 ##$$a 00044451 =990 ##$$a 00044452 =990 ##$$a 00044450 =990 ##$$a 00044451 =990 ##$$a 00044452 =990 ##$$a 00044506